LIBRARY & INFORMATION CENTRE, KCAET, TAVANUR

ONLINE PUBLIC ACCESS CATALOGUE (OPAC)

Farm Tractor Maintenance and Repair (Record no. 19129)

MARC details
000 -LEADER
fixed length control field 00278nam a22001217a 4500
003 - CONTROL NUMBER IDENTIFIER
control field OSt
008 - FIXED-LENGTH DATA ELEMENTS--GENERAL INFORMATION
fixed length control field 250124b |||||||| |||| 00| 0 eng d
041 ## - LANGUAGE CODE
Language code of text/sound track or separate title eng
082 ## - DEWEY DECIMAL CLASSIFICATION NUMBER
Classification number 631.372
Item number JAI/FA
100 ## - MAIN ENTRY--AUTHOR NAME
Personal name Jain, SC
245 ## - TITLE STATEMENT
Title Farm Tractor Maintenance and Repair
942 ## - ADDED ENTRY ELEMENTS (KOHA)
Koha item type Books
Holdings
Withdrawn status Lost status Damaged status Home library Current library Date acquired Cost, normal purchase price Full call number Accession Number Koha item type
Withdrawn     KAUAET KAUAET 24/01/2025 39.00 631.372 JAI/FA 16459 Books
Withdrawn     KAUAET KAUAET 24/01/2025 39.00 631.372 JAI/FA 16461 Books
free website counter